Things - Statistics

General Stats
  • This quiz has been taken 10 times
  • The average score is 8 of 13
Answer Stats
Picture Answer % Correct
Rose
100%
Earth
90%
Mars
80%
Table
80%
Jupiter
70%
Neptune
70%
Saturn
70%
Uranus
70%
Venus
70%
Hurricane
50%
Mercury
50%
Solar System
40%
Pencil Case
0%
No matching quizzes found
Score Distribution
Percent of People with Each Score
Percentile by Number Answered
Your Score History
You have not taken this quiz